000 01158nam a22002777a 4500
003 PE SENCICO BE
005 20251020182649.0
008 240110b |||||||| |||| 00| 0 eng d
040 _aPE SENCICO BE
_cPE SENCICO BE
041 _aspa
084 _aI
_aDIS
_a2018
_bC29
100 1 _91862
_aCasusol de la Guardia, Ericka del Carmen
_eautor
245 1 _aDiseño interior del restaurante puntarenas /
_cEricka del Carmen Casusol de la Guardia
260 _aLima :
_c2018
300 _a61 h. :
_bil. col. ;
_c30 cm.
500 _aTexto en dos volúmenes. El volumen 2 contiene planos (30 x 40 cm.).
502 _aMonografía de Titulación.-- Servicio Nacional de Capacitación para la Industria de la Construcción. Escuela Superior Técnica. Carrera Profesional Técnica en Diseño de Interiores, 2018
650 1 0 _944
_aDiseño de interiores
650 2 0 _966
_aRestaurantes
650 2 0 _99
_aEspacios interiores
650 2 0 _91852
_aServicios de alimentos
650 2 0 _9615
_aPlanos
710 1 _aServicio Nacional de Capacitación para la Industria de la Construcción.
_bEscuela Superior Técnica
_91065
910 _bhfp
_chfp
942 _cMON
999 _c4493
_d4493